000 00742 a2200241 4500
003 OSt
005 20260106202039.0
008 251121b |||||||| |||| 00| 0 eng d
020 _a9781009179386 (hbk)
037 _cREF
040 _cCRL
_aCRL
041 _2eng
_aeng
084 _aP:3g R5 (RR)
_qCRL
245 _aCambridge handbook of comparative syntax
260 _bCambridge
_c2025
_aNew York
300 _a1103p.
365 _b180.00
_cUKP
700 _aBarbies, Sjef
_eEditor
_9856582
700 _aCorver, Norbert
_eAuthor
_9856583
700 _aPlinsky, Maria
_eEditor
_9856584
942 _cREF
_2CC
_n0
999 _c1463983
_d1463983